01726nam a22002537a 4500003000900000008004100009040007100050082002200121245014800143260003000291300002800321440010300349505072500452650002001177650002001197650001501217650002101232700003001253700004001283700003501323700003101358700002801389710005501417AR-CdUCM190425b ||||| |||| 00| 0 spa d aMUNICIPALIDAD PROVINCIAL DEL CUSCOcBIBLIOTECA MUNICIPAL DEL CUSCO aSitua/N°1,2/2006 aSitua :bRevista semestral de la Facultad de Medicina Humana /cFacultad de Medicina Humana, Universidad Nacional de San Antonio Abad del Cusco aCusco :b[UNSAAC],c2006. a47 páginas. :c31 cm. aSitua revista semestral de la Facultad de Medicina Humana.nVol 15, N° 1-2, enero-diciembre 2006. aContenido: Los profesionales de salud y el consentimiento informado retos de la educación universitaria. Eduardo Zarate. -- Criterios clínicos y laboratoriales utilizados para indicar paquete globular y plasma fresco congelado en el hospital de apoyo departamental cusco, 2006. Richard Américo Cuevas Cisneros. -- Estudio comparativo de dimensiones de arcos dentarios en niños desnutridos crónicos y eutróficos con dentición decidua y mixta primera fase. Laura Angelica Layseca Acosta. -- Biopsia en odontología. Herbert Cosió Dueñas. -- Calidad de vida en pacientes con cáncer de mama-hospital EsSalud Cusco. Fredy Monge Rodríguez. -- Ramiro Farfán Cantero, aquí y ahora. Ángel Avendaño. aMedicina humana aSalud pública aHospitales aCentros de Salud aFarfán Cantero, Ramiro aCuevas Cisneros, Richard Américo  aLayseca Acosta, Laura Angelica aCosió Dueñas, Herbert aFredy Monge Rodríguez aUniversidad Nacional de San Antonio Abad del Cusco